General Knowledge Quiz #6 - Statistics

General Stats
  • This quiz has been taken 213,570 times
    136,425 since last reset
  • The average score is 12 of 20
Answer Stats
Question Answer % Correct
In what country did fortune cookies originate? United States
84%
In what activity can someone be "en pointe", which means standing on the very tips of their toes? Ballet
80%
What country was Nefertiti the queen of? Egypt
73%
What type of reference book lists synonyms? Thesaurus
73%
Which musical group is will.i.am a member of? Black Eyed Peas
70%
In what country was Nazi war criminal Adolf Eichmann hiding when Mossad agents captured him in 1960? Argentina
66%
What large desert can be found in China and Mongolia? Gobi
66%
What does "domo arigato" mean? Thank you
62%
According to the Bible, Jesus was born in Bethlehem. But what city did he grow up in? Nazareth
60%
Who was Henry VIII's second wife? Anne Boleyn
58%
Who starred as Bella Swan in the movie "Twilight"? Kristen Stewart
55%
What power-up makes Mario temporarily invincible? Star
55%
What award is given to the World Cup's leading goal scorer? Golden Boot
54%
Which two rivers form the boundaries of Mesopotamia? Tigris
53%
Which two rivers form the boundaries of Mesopotamia? Euphrates
52%
What major language sounds very similar to Urdu, but is written with a different script? Hindi
46%
What type of number are 8, 27, 64, and 125? Perfect {Cube}
45%
It's the third largest city in South Africa, and its name rhymes with a type of headwear commonly worn in India. What is it? Durban
39%
What sweetener is usually used in Diet Coke? Aspartame
37%
What singer is known as "The Godfather of Soul"? James Brown
28%
No matching quizzes found
Score Distribution
Percent of People with Each Score
Percentile by Number Answered
Your Score History
You have not taken this quiz since the last reset